000 00913nam a22002897a 4500
001 BR7303976
003 BR-BrBNA
005 20230928084012.0
007 ta
008 230509b bl.||||| |||| 00| 0 por d
040 _aBR-BrBNA
_bpor
_cBiblioteca Nacional de Agricultura
041 _a(Por)
072 _aQ10
_b9600
_b/G514
090 _ 9600 BR7303976
100 1 _aRodrigues, P.C.
110 1 _aEscola Superior de Agricultura Luiz de Queiroz, Piracicaba, SP (Brasil)
_0Tese (Mestrado)
245 1 _aContribuicao ao estudo da conservacao de ovos de casca branca e vermelha [Brasil]
260 3 _aPiracicaba, SP (Brasil):
_c1975.
300 _a57 p.
500 _a7 tables; 47 ref.; Summaries (Eng, Por); Microficha
650 _aPreservacao de alimento
650 _aOvo
650 _aArmazenamento de alimento
650 _aRefrigeracao
909 _a202309
_bLucia
_c55
_dLucia Elande
942 _cBK
999 _c16250
_d16250